000 00501nab a2200145Ia 4500
003 ES-SlBCS
005 20210601134127.0
008 140529s2011 xxu||||| |||| 00| 0 por d
041 _apor
100 1 _aGuido, Humberto
_9213918
245 0 0 _aLeibniz e Arnauld - entendimento e consenso: a língua e a lógica dos modernos
_c Humberto Guido
650 0 4 _aHistoria de la Filosofía
_9103830
773 0 _tEducaçao e Filosofia
_gvol. Nº Especial 25, nº. 1, 2011, págs. 167-180
_wRev1534
942 _cAR
999 _c607505
_d607505